000 00814nam a2200253Ia 4500
003 OSt
005 20220923211213.0
006 a|||||r|||| 00| 0
007 ta
008 ORI
020 _a9788126042869 (pbk)
_c140
024 _a290,237
037 _b1031, 18/03/2016, H.K. Prakashan
_cTextual
040 _aARTS
_cARTS
_bORI
041 _2ORI
_aORI
082 _aO1591,3N43x, 153Q4
100 _aਰਾਏ, ਪ੍ਰਤਿਭਾ, ਂਚ.
_9159582
245 0 _aਉਲੱਘਣ
260 _aਦਿੱਲੀ
_b ਸਾਹਿਤ ਅਕਾਦੇਮੀ
_c2014
300 _a308ਪੰ
_ccm.
650 _aਔਰਿਆ ਸਾਹਿਤ
_9159583
942 _hO1591,3N43x, 153Q4
_cTEXL
_2CC
999 _c296789
_d296789